| 000 | 02161nam a22002417a 4500 | ||
|---|---|---|---|
| 005 | 20211119112309.0 | ||
| 008 | 211119b ||||| |||| 00| 0 eng d | ||
| 020 | _a0380976846 | ||
| 040 | _cAL | ||
| 041 | _aeng | ||
| 082 |
_223 _a305.244 _bCOHC |
||
| 100 |
_aGene D Cohen _910655 |
||
| 245 | _aCreative Age: Awakening Human Potential in the Second Half of Life | ||
| 260 |
_aNew York _bAvon Books _c2000 |
||
| 300 |
_aviii,373 p. _bHB _c24x19 cm. |
||
| 365 |
_b25.00 _c$ _d25.00 |
||
| 520 | _aIn a single generation, the view of life after fifty has changed dramatically. Today's society is shaped by unprecedented growth in the number of people living in their "golden years", shifting patterns of work and home life, and advances in health care that offer the promise of longer, more active lives. In this fascinating, life-affirming book, Dr. Gene Cohen debunks harmful myths about aging and illuminates the biological and emotional foundations of creativity. He shoes how the unique combination of age, experience, and creativity can produce exciting inner growth and infinite potential for everyone. Interweaving history, scientific research, inspiring true-life stories, and his own fresh insights, Dr. Cohen takes us into the previously uncharted territory of human potential in the "second half" of life. Discover the owners of the Creative Age: We can actually increase the number of essential connections among brain cells including those for memory and response. Many sleep and mood disorders can be eliminated by stimulating the brain; sleep problems are not an inevitable part of aging or decline in brain function Vocabulary expands well into the eighties among people who continue to challenge themselves intellectually through reading, writing, and word games -- having difficulty finding the right word is not inevitable Capitalizing on our creativity, and having a positive outlook and sense of well-being, boosts our immune systems. | ||
| 650 |
_aSocial Group _910656 |
||
| 650 |
_aCreative Ability in Old Age _910657 |
||
| 650 |
_aMiddle Age Psychological Aspects _910658 |
||
| 700 |
_aCOHEN (Gene D) _910659 |
||
| 942 |
_2ddc _cGF |
||
| 999 |
_c220694 _d220694 |
||